Tự nhiên và xã hội 2

Sparad:
Bibliografiska uppgifter
Materialtyp: Bok
Språk:Undetermined
Publicerad: Hà Nội Giáo dục 2006
Ämnen:
Taggar: Lägg till en tagg
Inga taggar, Lägg till första taggen!
Thư viện lưu trữ: Trung tâm Học liệu Trường Đại học Cần Thơ
LEADER 00540nam a2200193Ia 4500
001 CTU_106348
008 210402s9999 xx 000 0 und d
020 |c 4500 
082 |a 372.83 
082 |b T550/L2 
245 0 |a Tự nhiên và xã hội 2 
245 0 |c Bùi Phương Nga ...[et al.] 
260 |a Hà Nội 
260 |b Giáo dục 
260 |c 2006 
650 |a Social life 
650 |x Study and teaching 
904 |i Tuyến (Nguyên sửa) 
980 |a Trung tâm Học liệu Trường Đại học Cần Thơ